| 000 | 00697nam a2200217Ia 4500 | ||
|---|---|---|---|
| 003 | GCL | ||
| 008 | 140319s9999 xx 000 0 ara d | ||
| 020 | _a2822201977 | ||
| 040 |
_aGCL / _cGCL |
||
| 082 | 0 | 4 |
_a940.18 _bح ذ |
| 100 | 1 | _aحسن حبشى | |
| 245 | 1 | 0 |
_aذيل وليم الصورى / _cحسن حبشى |
| 260 |
_aالقاهرة : _bالهيئة المصرية العامة للكتاب ، _c2002 |
||
| 300 |
_a325 ص ؛ _c22 سم |
||
| 490 |
_aتاريخ المصريين _v229 |
||
| 650 | 0 | 4 | _aالحروب الصليبية |
| 650 | 0 | 4 | _aصلاح الدين الايوبى |
| 650 | 0 | 4 | _aالتاريخ البيزنطى |
| 650 | 0 | 4 | _aوليم الصورى |
| 942 |
_2ddc _cBK |
||
| 999 |
_c50822 _d50822 |
||